000 00338nam a22001337a 4500
008 190226b xxu||||| |||| 00| 0 eng d
020 _a9780618116362
041 _aeng
080 _23rd
_a371
100 _a46
101 _aEDU
245 _aOn Course Strategies for Creating Succes in College and in Life
_cDowning,S
942 _2udc
_cBK
999 _c54285
_d54285